| 000 | 00930cam a2200265u 4500 | ||
|---|---|---|---|
| 001 | 66464 | ||
| 003 | BD-RjUL | ||
| 005 | 20211209081538.0 | ||
| 008 | 170316r19671961enk 000 0 eng d | ||
| 035 | _a(BD-RjUL)66594 | ||
| 040 |
_aDLC _cCarP _dDLC _dBD-RjUL _beng |
||
| 041 | _aeng | ||
| 082 | 0 | 0 |
_a193 _bNIT 1967 |
| 100 | 1 |
_aNietzsche, Friedrich Wilhelm _d1844-1900. _93589 |
|
| 245 | 1 | 0 |
_aThus spoke Zarathustra : / _ba book for everyone and no one / _cFriedrich Wilhelm Nietzsche ; translated with an Introduction by R. J. Hollingdale. |
| 260 |
_aMiddlesex ; _bPenguin Books ltd. ; _c1961 [Reprinted 1967] |
||
| 300 |
_a342, [1] p. ; _c18 cm. |
||
| 490 | _aPenguin classics | ||
| 650 | 0 |
_aSuperman (Philosophical concept) _995216 |
|
| 650 | 0 |
_aPhilosophy, German _9196065 |
|
| 650 | 0 |
_aZoroastrianism _9171250 |
|
| 700 |
_aHollingdale, R. J. , tr.& Intro. _9196698 |
||
| 830 |
_aPenguin classics _9196700 |
||
| 942 |
_2ddc _cBK |
||
| 999 |
_c66464 _d66464 |
||